World Telecommunication/ICT Indicators Database Chronological Time Series 1960-2017
Guardado en:
| Formato: | Libro |
|---|---|
| Lenguaje: | inglés |
| Publicado: |
Geneva
International Telecommunication Union
2018
|
| Edición: | 22nd Edition |
| Colección: | ITU Publications
|
| Materias: | |
| Etiquetas: |
Sin Etiquetas, Sea el primero en etiquetar este registro!
|
MARC
| LEADER | 00000nam a2200000 4500 | ||
|---|---|---|---|
| 001 | 0248650 | ||
| 005 | 20221107114930.3 | ||
| 020 | |a 978-92-61-26141-2 | ||
| 041 | 0 | |a eng | |
| 044 | |a CH | ||
| 245 | 1 | 0 | |a World Telecommunication/ICT Indicators Database |b Chronological Time Series 1960-2017 |
| 250 | |a 22nd Edition | ||
| 264 | 1 | |a Geneva |b International Telecommunication Union |c 2018 | |
| 300 | |a USB [x] s. | ||
| 490 | 1 | |a ITU Publications | |
| 830 | 0 | |a ITU Publications | |
| 610 | 2 | 0 | |a telekomunikácie |
| 610 | 2 | 0 | |a svet |
| 610 | 2 | 0 | |a technológie informačné |
| 610 | 2 | 0 | |a technológie komunikačné |
| 610 | 2 | 0 | |a internet |
| 610 | 2 | 0 | |a telefón mobilný |
| 610 | 2 | 0 | |a kvalita služieb |
| 610 | 2 | 0 | |a rady časové |
| 610 | 2 | 0 | |a dáta |
| 610 | 2 | 0 | |a štatistika |
| 610 | 2 | 0 | |a ukazovatele |
| 610 | 2 | 0 | |a demografia |
| 610 | 2 | 0 | |a makroekonomika |